Programa de trabajo

محفوظ في:
التفاصيل البيبلوغرافية
مؤلف مشترك: UNA. Grupo Universidad Necesaria
التنسيق: نص
منشور في: s.l.e :
الوسوم: إضافة وسم
لا توجد وسوم, كن أول من يضع وسما على هذه التسجيلة!

MARC

LEADER 00000 a a2200000 04500
001 15635
003
040
090 |a EXTRAVIADO  
110 |a UNA. Grupo Universidad Necesaria  
245 |a Programa de trabajo  
260 |a s.l.e :  
300 |a 12 p.  
999 |c 2562  |d 2562